Ganancias. La imposición a la renta societaria y a los dividendos en la ley 27430 (Registro nro. 20217)
[ vista simple ]
| 000 -LEADER | |
|---|---|
| fixed length control field | 00362 a2200109 4500 |
| 001 - CONTROL NUMBER | |
| control field | ART_48515 |
| 005 - DATE AND TIME OF LATEST TRANSACTION | |
| control field | 20260410161757.0 |
| 008 - FIXED-LENGTH DATA ELEMENTS--GENERAL INFORMATION | |
| fixed length control field | 260409a |
| 100 1# - MAIN ENTRY--PERSONAL NAME | |
| Personal name | García, Fernando D. |
| 245 10 - TITLE STATEMENT | |
| Title | Ganancias. La imposición a la renta societaria y a los dividendos en la ley 27430 |
| 773 0# - HOST ITEM ENTRY | |
| Title | Doctrina tributaria |
| Related parts | - N°468 (mar. 2019) |
| Record control number | REV4296 |
No hay ítems disponibles.